Países que fazem fronteira com: Alemanha#27 - Statistics

Estatísticas Gerais
  • Esse quiz foi jogado 151 vezes
  • A pontuação média é 8 de 9
Estatísticas das Respostas
País % Correto
Suíça
98%
Áustria
96%
França
96%
Polônia
96%
Países Baixos
95%
Bélgica
93%
Dinamarca
93%
Luxemburgo
90%
República Checa
88%
Nenhum quiz correspondente encontrado
Distribuição das Pontuações
Porcentagem de Pessoas com Cada Pontuação
Percentil de Números Respondidos
Sua Pontuação Histórica
Você não jogou esse quiz